|
|
|
|
| LEADER |
00000nam0a2200000 4500 |
| 001 |
363751 |
| 005 |
20231102011623.0 |
| 035 |
|
|
|a (RuTPU)RU\TPU\retro\21098
|
| 090 |
|
|
|a 363751
|
| 100 |
|
|
|a 20211011d1980 k y0rusy50 ca
|
| 101 |
0 |
|
|a rus
|
| 102 |
|
|
|a RU
|
| 105 |
|
|
|a a z 001zy
|
| 200 |
1 |
|
|a Механика грунтов, основания и фундаменты
|e межвузовский тематический сборник трудов
|f Ленинградский инженерно-строительный институт
|
| 210 |
|
|
|a Ленинград
|c [Б. и.]
|d 1980
|
| 215 |
|
|
|a 142 с.
|c ил.
|
| 320 |
|
|
|a Библиография в конце статей
|
| 606 |
1 |
|
|a Механика грунтов
|2 stltpush
|3 (RuTPU)RU\TPU\subj\43563
|9 63050
|
| 606 |
1 |
|
|a Основания и фундаменты
|2 stltpush
|3 (RuTPU)RU\TPU\subj\74862
|9 86830
|
| 610 |
1 |
|
|a слабые грунты
|
| 610 |
1 |
|
|a строительство
|
| 610 |
1 |
|
|a сложные инженерно-геологические условия
|
| 610 |
1 |
|
|a рыхлые грунты
|
| 610 |
1 |
|
|a физико-механические свойства
|
| 610 |
1 |
|
|a расчет
|
| 610 |
1 |
|
|a устройство
|
| 675 |
|
|
|a 624.131
|v 4
|
| 675 |
|
|
|a 624.15
|v 4
|
| 712 |
0 |
2 |
|a Ленинградский инженерно-строительный институт
|c (1941-1992)
|2 stltpush
|3 (RuTPU)RU\TPU\col\7808
|9 24389
|
| 801 |
|
1 |
|a RU
|b 63413507
|c 20211011
|
| 942 |
|
|
|c BK
|